000 01132nam a2200337Ia 4500
001 dia_101
003 CHAP
005 20221207115255.0
008 220117s1996 xx 000 0 und d
010 _a170532
020 _a968-26-1256-X
040 _cCHAP
082 _a658.562015195 G73 1996
100 _aGrant, Eugene Lodewick
_9147188
245 _aControl estadístico de calidad /
_c Eugene L. Grant y Richard S. Leavenworth ; traducción Francisco Gutiérrez Noriega
250 _a2a ed.
260 _aMéxico :
_b C.E.C.S.A.,
_c1996
300 _axvii, 722 p.
500 _aTítulo original: Statistical quality control
503 _aC/e
504 _aBibliografía: p. 665-672
590 _aTS156 G73 1996
650 _aControl de calidad
_xMétodos estadísticos
_9147134
650 _aQuality control
_xStatistical methods
_9147135
700 _aGutiérrez Noriega, Francisco, tr.
_9147189
700 _aLeavenworth, Richard S., coaut.
_9147190
901 _a658.562015195 G73 1996
902 _aM
905 _a5232271996 mx amn 8222223322spa16
942 _cLIBRO
_2ddc
999 _c170532
_d170532